Statistics for Mongolic Language Family Tree

Click here to take the quiz!

General Stats

  • This quiz has been taken 25 times
  • The average score is 3 of 12

Answer Stats

BranchLanguage% Correct
Mongolian
95%
Buryat
41%
Oirat
41%
DaguricDagur
27%
MogholicMoghol
23%
Ordos
9%
ShirongolicShira Yugur
9%
Santa
9%
Central MongolicKhamnigan
5%
Monguor
5%
Bonan
5%
Kangjia
5%

Score Distribution

Percentile by Number Answered

Percent of People with Each Score

Your Score History

You have not taken this quiz